Statistics for Survivor Trivia

Click here to take the quiz!

General Stats

  • This quiz has been taken 1,305 times
  • The average score is 8 of 28

Answer Stats

HintAnswer% Correct
The one person to compete on both Fans vs. Favorites seasonsErik Reichenbach
69%
Went first to worstTina Wesson
62%
Youngest Winner (at time of win)Jenna Morasca
59%
First person to win final immunity and become sole survivorBrian Heidik
57%
Only season to have a non-premiere or finale episode reach 30 million viewersThe Australian Outback
56%
First season to not have sole survivor come down to one voteAfrica
50%
The "Attack Zone" seasonThailand
50%
Greg's million-dollar number in Borneo9
47%
Only person to win Fallen Comrades and become sole survivorVecepia Towery
46%
She Devil in a Blue BikiniJerri Manthey
44%
Mistook "diaper rash" for severe genital conditionShane Powers
40%
Instructed her tribe mates to not waste clam on her because she didn't like it.Parvati Shallow
33%
This contestant told Jeff they missed cheeseburgers the mostTom Buchanan
29%
The first person to purchase a mystery item at the auctionAmber Brkich
28%
This season's winner was the first male to come within one vote of a perfect gamePalau
23%
This quitter lasted the least number of daysColton Cumbie
21%
Blamed another contestant for corrupting his loyalty to his wifeBrandon Hantz
18%
Creator of Superpole 2000Sean Kenniff
18%
First season to not have a 20 million-viewer episodePanama
14%
According to a finalist, this person "sucked at life"Denise Martin
13%
She cast the only vote against Earl in FijiRita Verreos
13%
Caused a media frenzy by marrying her stepsonDebb Eaton
12%
Only woman to play two seasons, make the jury, and successfully vote for a women to win the game both times.Alicia Calaway
10%
His bean obsession nearly cost him the gameClarence Black
9%
The two seasons to have all final three members get a voteChina, Philippines
6%
Asked a contestant to teach them to make fire, then voted them out the next tribal councilDanielle DiLorenzo
6%
The first state to have two winnersPennsylvania
5%
The number of viewers who spent some time watching the Borneo finale (in millions)125
1%

Score Distribution

Percentile by Number Answered

Percent of People with Each Score

Your Score History

You have not taken this quiz